| 000 | 00809cam a2200253 i 4500 | ||
|---|---|---|---|
| 001 | 000019807 | ||
| 005 | 20200929170139.0 | ||
| 008 | 800613s1977 sp 000 0 spa | ||
| 010 | _a80481254 | ||
| 015 | _aSp77-Feb | ||
| 020 |
_a8423915107 : _c150ptas |
||
| 040 |
_aDO-SdBNP _cDLC _dDLC |
||
| 050 | 0 | 0 |
_aPQ6603.U4 _bE5 1977 |
| 100 | 1 |
_aBuero Vallejo, Antonio, _d1916-2000. _917657 |
|
| 245 | 1 | 0 |
_aEn la ardiente oscuridad ; Un sonador para un pueblo / _c[por] Antonio Buero Vallejo. |
| 250 | _a3. ed. | ||
| 260 |
_aMadrid : _bEspasa-Calpe, _c1977. |
||
| 300 |
_a208 p. ; _c18 cm. |
||
| 490 | 0 | _aColeccion Austral ; no. 1510 | |
| 500 | _aPlays. | ||
| 700 | 1 | 2 |
_aBuero Vallejo, Antonio, _d1916-2000. _tUn sonador para un pueblo. 1977. _942286 |
| 910 | _aCatalogación derivada / LC | ||
| 082 | 0 | 0 | _a862/.64 |
| 999 |
_c19320 _d19320 |
||